Statistics for Asian geography-9 letters

Click here to take the quiz!

General Stats

  • This quiz has been taken 14 times
  • The average score is 9 of 15

Answer Stats

HintAnswer% Correct
Country where the capital city is Jakarta, and has the most islandsIndonesia
100%
Biggest city in Vietnam (□□ □□□ □□□□ City)Ho Chi Minh
93%
City-state island country in the southern tip of Malay peninsulaSingapore
93%
Largest metropolitan area located in the HimalayasKathmandu
79%
Largest city in Guangdong province in southern ChinaGuangzhou
71%
City which Jesus was brought as a child, and is divided by Israel and PalestineJerusalem
71%
Capital city of Myanmar and 2nd largest city in Myanmar after YangonNaypyidaw
71%
Capital of Gujarat, and is the second largest producer of cotton in IndiaAhmedabad
64%
Longest river in western Asia, and flows through MesopotamiaEuphrates
64%
Capital city of the Indian state, Telangana, and known for the monuments and fried riceHyderabad
57%
Major city in Sichuan province, and is the base of China's Belt and Road InitiativeChongqing
43%
Taiwanese city with the biggest port in Taiwan and third-biggest container port in the worldKaohsiung
36%
Capital and largest city of Jilin province in ChinaChangchun
21%
Hokkaido's second largest city known for its zooAsahikawa
14%
2nd largest city in Nagano prefecture in Japan after NaganoMatsumoto
14%

Score Distribution

Percentile by Number Answered

Percent of People with Each Score

Your Score History

You have not taken this quiz